Santos de Puerto Rico

Bibliographic Details
Main Author: Curbelo de Díaz González, Ireno
Format: Section = Libro
Language:Undetermined
Spanish
Published: San Juan Museo de Santos 1970
Subjects:
LEADER 00505nam a2200193Ia 4500
008 240829s9999 xx 000 0 und d
040 |a BIBLIOTECA-RUSB/ 731.8 C975 
041 |a spa 
082 |a 731.8 C975 
100 1 |a Curbelo de Díaz González, Ireno 
245 1 0 |a Santos de Puerto Rico 
260 |a San Juan  |b Museo de Santos  |c 1970 
300 |a 75 p. :il. 
650 7 |a SANTOS-PUERTO RICO 
650 7 |b  SANTOS ARTE 
650 7 |c  ARTE CRISTIANO-PUERTO 
942 |c BK  |2 ddc 
991 |a TEXTO 
999 |c 5406